|
|
|
|
| LEADER |
01016nam a22002772a 4500 |
| 001 |
000812682 |
| 003 |
CZ BrMZK |
| 005 |
20060328082124.0 |
| 007 |
ta |
| 008 |
060328s1990 xr er|||||||||||cze d |
| 080 |
9 |
|
|a 576.858.25
|
| 080 |
9 |
|
|a 616.988-022
|
| 100 |
1 |
|
|a Januška, Jiří
|7 xx0073929
|4 aut
|
| 245 |
1 |
0 |
|a Laboratorní vyšetřovací metody arbovirových nákaz a virových nákaz šířených hlodavci /
|c Jiří Januška, Luděk Daneš, František Heinz
|
| 250 |
|
|
|a 1. vyd.
|
| 260 |
|
|
|a Praha :
|b Avicenum,
|c 1990
|
| 300 |
|
|
|a 143 s.
|
| 490 |
1 |
|
|a Mikrobiologické vyšetřovací metody ;
|v sv. 11
|
| 504 |
|
|
|a Obsahuje bibliografii
|
| 700 |
1 |
|
|a Daneš, Luděk,
|d 1958-
|7 jo2003163142
|4 aut
|
| 700 |
1 |
|
|a Heinz, František
|7 jx20071207024
|4 aut
|
| 830 |
|
0 |
|a Mikrobiologické vyšetřovací metody
|
| 910 |
|
|
|a BOA001
|b 2-0962.201
|
| 964 |
|
|
|a Arboviry - nákazy - diagnostika - léčení
|
| 990 |
|
|
|a BK
|
| 996 |
7 |
|
|b 2619229553
|c 2-0962.201
|l MZK
|r Sklad / do 1 hodiny
|n 6
|w 000812682
|u 000010
|a 1
|e BOA001
|j MZK50
|s A
|